000 00367nam a2200133Ia 4500
008 230524s9999 xx 000 0 und d
020 _a1403911029
100 _aShiv Khera
_936643
245 0 _aLiving with Honour: What?s Easy to See is Easy to Miss
260 _bMcMillan
500 _aQuantity Number: 1
650 _aPersonality Development
_936644
942 _cBK
999 _c50680
_d50680